<?xml version="1.0" encoding="UTF-8"?>
<record
    xmlns:xsi="http://www.w3.org/2001/XMLSchema-instance"
    xsi:schemaLocation="http://www.loc.gov/MARC21/slim http://www.loc.gov/standards/marcxml/schema/MARC21slim.xsd"
    xmlns="http://www.loc.gov/MARC21/slim">

  <leader>03095nam a2200349 a 4500</leader>
  <controlfield tag="001"> </controlfield>
  <controlfield tag="003">DO-SdBNP</controlfield>
  <controlfield tag="005">20211026131611.0</controlfield>
  <controlfield tag="008">090709s2009    dr ac         001 0 spa d</controlfield>
  <datafield tag="020" ind1=" " ind2=" ">
    <subfield code="a">9789945161724</subfield>
  </datafield>
  <datafield tag="040" ind1=" " ind2=" ">
    <subfield code="a">DO-SdBNP</subfield>
    <subfield code="b">spa</subfield>
    <subfield code="c">BPMSU</subfield>
  </datafield>
  <datafield tag="082" ind1=" " ind2=" ">
    <subfield code="a">342.729302</subfield>
    <subfield code="b">R426c, 2009</subfield>
    <subfield code="2">22</subfield>
  </datafield>
  <datafield tag="110" ind1="2" ind2=" ">
    <subfield code="a">Rep&#xFA;blica Dominicana.</subfield>
  </datafield>
  <datafield tag="240" ind1="1" ind2="0">
    <subfield code="a">Constituci&#xF3;n (1963)</subfield>
  </datafield>
  <datafield tag="245" ind1="1" ind2="0">
    <subfield code="a">Constituci&#xF3;n de la Naci&#xF3;n Dominicana de 1963 /</subfield>
    <subfield code="c">anotada e indizada por Aura Celeste Fern&#xE1;ndez R.</subfield>
  </datafield>
  <datafield tag="250" ind1=" " ind2=" ">
    <subfield code="a">3&#xAA; ed.</subfield>
  </datafield>
  <datafield tag="260" ind1=" " ind2=" ">
    <subfield code="a">Santo Domingo :</subfield>
    <subfield code="b">CPEP,</subfield>
    <subfield code="c">2009.</subfield>
  </datafield>
  <datafield tag="300" ind1=" " ind2=" ">
    <subfield code="a">400 p. :</subfield>
    <subfield code="b">il., retrs. ;</subfield>
    <subfield code="c">23 cm.</subfield>
  </datafield>
  <datafield tag="490" ind1="0" ind2=" ">
    <subfield code="a">Publicaciones de la Comisi&#xF3;n Permanente de Efem&#xE9;rides Patrias 2004-2009;</subfield>
    <subfield code="v">33</subfield>
  </datafield>
  <datafield tag="500" ind1=" " ind2=" ">
    <subfield code="a">Incluye ponencias complementarias sobre el tema, escritas con fines educativos.</subfield>
  </datafield>
  <datafield tag="500" ind1=" " ind2=" ">
    <subfield code="a">Incluye datos biograf&#xED;cos de la autora en la solapa de la cubierta</subfield>
  </datafield>
  <datafield tag="504" ind1=" " ind2=" ">
    <subfield code="a">Incluye bibliograf&#xED;a y notas a pie de las p&#xE1;ginas.</subfield>
  </datafield>
  <datafield tag="505" ind1="0" ind2=" ">
    <subfield code="t">Prefacio --</subfield>
    <subfield code="t">Constituci&#xF3;n del 29 de abril de 1963 --</subfield>
    <subfield code="t">Pre&#xE1;mbulo --</subfield>
    <subfield code="t">Principios fundamentales --</subfield>
    <subfield code="t">I.- Relaciones econ&#xF3;micas y &#xE9;tico-sociales --</subfield>
    <subfield code="t">De los derechos humanos --</subfield>
    <subfield code="t">II.- Organizaci&#xF3;n de la Rep&#xFA;blica --</subfield>
    <subfield code="t">De la Naci&#xF3;n, de su gobierno --</subfield>
    <subfield code="t">Derechos pol&#xED;ticos --</subfield>
    <subfield code="t">Del Poder Legislativo --</subfield>
    <subfield code="t">Del Congreso --</subfield>
    <subfield code="t">De la formaci&#xF3;n de las leyes --</subfield>
    <subfield code="t">Del Poder Ejecutivo --</subfield>
    <subfield code="t">Del Poder Judicial --</subfield>
    <subfield code="t">Del Distrito Nacional y los municipios --</subfield>
    <subfield code="t">Del r&#xE9;gimen de las provincias --</subfield>
    <subfield code="t">De las asambleas electorales --</subfield>
    <subfield code="t">De las Fuerzas Armadas --</subfield>
    <subfield code="t">Disposiciones generales --</subfield>
    <subfield code="t">De las reformas constitucionales --</subfield>
    <subfield code="t">Disposiciones transitorias --</subfield>
    <subfield code="t">&#xCD;ndice de conceptos --</subfield>
    <subfield code="t">&#xCD;ndice de anotaciones --</subfield>
    <subfield code="t">Ap&#xE9;ndices --</subfield>
    <subfield code="t">Bibliograf&#xED;a.</subfield>
  </datafield>
  <datafield tag="505" ind1="0" ind2=" ">
    <subfield code="t">La Constituci&#xF3;n de 1963, 40 a&#xF1;os despu&#xE9;s: vigencia y perspectivas:</subfield>
    <subfield code="t">Presentaci&#xF3;n /</subfield>
    <subfield code="r">Aura Celeste Fern&#xE1;ndez R. --</subfield>
    <subfield code="t">Apertura del acto en conmemoraci&#xF3;n del 40 aniversario de la Constituci&#xF3;n de 1963 /</subfield>
    <subfield code="r">Di&#xF3;medes N&#xFA;&#xF1;ez Polanco --</subfield>
    <subfield code="t">Apertura del Panel "Constituci&#xF3;n de 1963, 40 a&#xF1;os despu&#xE9;s: vigencia y perspectivas" /</subfield>
    <subfield code="r">Guillermo Moreno --</subfield>
    <subfield code="t">Los derechos sociales en la Constituci&#xF3;n de 1963 /</subfield>
    <subfield code="r">Rafael Albuquerque --</subfield>
    <subfield code="t">Constituci&#xF3;n de 1963 en sus antecedentes y herencias /</subfield>
    <subfield code="r">Luis G&#xF3;mez P&#xE9;rez --</subfield>
    <subfield code="t">Derechos humanos en la Constituci&#xF3;n de 1963 /</subfield>
    <subfield code="r">C&#xE9;sar Pina Toribio --</subfield>
    <subfield code="t">Factores que incidieron en la formaci&#xF3;n de la Constituci&#xF3;n de 1963 /</subfield>
    <subfield code="r">Flavio Dar&#xED;o Espinal Jacobo --</subfield>
    <subfield code="t">Trascendencia hist&#xF3;rica de la Constituci&#xF3;n de 1963: insinuaciones para la revoluci&#xF3;n democr&#xE1;tica y popular dominicana /</subfield>
    <subfield code="t">Impacto de la Constituci&#xF3;n de 1963 en la prensa /</subfield>
    <subfield code="r">Rafael Molina Morillo --</subfield>
    <subfield code="t">El legado de la Constituci&#xF3;n Dominicana de 1963 a la reforma constitucional pendiente /</subfield>
    <subfield code="r">Leyda Margarita Pi&#xF1;a --</subfield>
    <subfield code="t">Palabras cierre del evento /</subfield>
    <subfield code="r">Daniel Beltr&#xE9; --</subfield>
    <subfield code="g">Anexos.</subfield>
  </datafield>
  <datafield tag="590" ind1=" " ind2=" ">
    <subfield code="a">Inventariado, 2018/ YL</subfield>
  </datafield>
  <datafield tag="651" ind1=" " ind2="4">
    <subfield code="a">Rep&#xFA;blica Dominicana</subfield>
    <subfield code="x">Constituci&#xF3;n (1963)</subfield>
  </datafield>
  <datafield tag="651" ind1=" " ind2="4">
    <subfield code="a">Rep&#xFA;blica Dominicana</subfield>
    <subfield code="z">Derecho Constitucional</subfield>
  </datafield>
  <datafield tag="700" ind1="1" ind2=" ">
    <subfield code="a">Fern&#xE1;ndez Rodr&#xED;guez, Aura Celeste,</subfield>
    <subfield code="d">1958-,</subfield>
  </datafield>
  <datafield tag="710" ind1="2" ind2=" ">
    <subfield code="a">Comisi&#xF3;n Permanente de Efem&#xE9;rides Patrias (Rep&#xFA;blica Dominicana)</subfield>
  </datafield>
  <datafield tag="910" ind1=" " ind2=" ">
    <subfield code="a">VMateo V. </subfield>
  </datafield>
  <datafield tag="942" ind1=" " ind2=" ">
    <subfield code="2">ddc</subfield>
    <subfield code="c">BK</subfield>
  </datafield>
  <datafield tag="952" ind1=" " ind2=" ">
    <subfield code="0">0</subfield>
    <subfield code="1">0</subfield>
    <subfield code="2">ddc</subfield>
    <subfield code="4">0</subfield>
    <subfield code="7">0</subfield>
    <subfield code="8">CD</subfield>
    <subfield code="a">BPMET</subfield>
    <subfield code="b">BPMET</subfield>
    <subfield code="d">2021-10-26</subfield>
    <subfield code="l">0</subfield>
    <subfield code="o">BPMSU CD 342.729302 R426c, 2009</subfield>
    <subfield code="p">BPMSU21100154</subfield>
    <subfield code="r">2021-10-26</subfield>
    <subfield code="w">2021-10-26</subfield>
    <subfield code="y">BK</subfield>
  </datafield>
  <datafield tag="952" ind1=" " ind2=" ">
    <subfield code="0">0</subfield>
    <subfield code="1">0</subfield>
    <subfield code="2">ddc</subfield>
    <subfield code="4">0</subfield>
    <subfield code="7">0</subfield>
    <subfield code="8">CD</subfield>
    <subfield code="a">BPMET</subfield>
    <subfield code="b">BPMET</subfield>
    <subfield code="d">2021-10-26</subfield>
    <subfield code="l">0</subfield>
    <subfield code="o">BPMSU CD 342.729302 R426c, 2009</subfield>
    <subfield code="p">BPMSU21100155</subfield>
    <subfield code="r">2021-10-26</subfield>
    <subfield code="t">e.2</subfield>
    <subfield code="w">2021-10-26</subfield>
    <subfield code="y">BK</subfield>
  </datafield>
  <datafield tag="999" ind1=" " ind2=" ">
    <subfield code="c">13824</subfield>
    <subfield code="d">13824</subfield>
  </datafield>
</record>
